|
|
|
|
| LEADER |
01271nam a2200325 a 4500 |
| 001 |
20493 |
| 008 |
120513s2010 enka 000 1 eng d |
| 020 |
|
|
|a 9780194247665
|
| 020 |
|
|
|a 9780194247306 (book and multiROM pack)
|
| 020 |
|
|
|a 9780194244893 (bk.)
|
| 020 |
|
|
|a 019424489X (bk.)
|
| 040 |
|
|
|a GK8
|c GK8
|d YDXCP
|d Z35
|d B2T
|d BD-DhAAL
|
| 082 |
0 |
0 |
|a 428.6
|2 22
|
| 100 |
1 |
|
|a Porter, Eleanor H.
|
| 245 |
1 |
0 |
|a Pollyanna /
|c Eleanor H. Porter ; text adapation by Bill Bowler ; illustrated by Victor Tavares.
|
| 260 |
|
|
|a Oxford ;
|a New York :
|b Oxford University Press,
|c 2010.
|
| 300 |
|
|
|a 51 p. :
|b col. ill. ;
|c 21 cm.
|
| 490 |
1 |
|
|a Dominoes. Level one
|
| 541 |
|
|
|e 00025138
|
| 650 |
|
0 |
|a Readers for new literates.
|
| 650 |
|
1 |
|a Orphans
|v Fiction.
|
| 650 |
|
1 |
|a Aunts
|v Fiction.
|
| 650 |
|
1 |
|a Conduct of life
|v Fiction.
|
| 650 |
|
|
|v Fiction.
|
| 650 |
|
1 |
|a Interpersonal relations
|v Fiction.
|
| 700 |
1 |
|
|a Tavares, Victor,
|e ill.
|
| 700 |
1 |
|
|a Bowler, Bill.
|
| 852 |
1 |
|
|a Ayesha Abed Library
|c General shelf.
|
| 999 |
|
|
|c 12229
|d 12229
|
| 952 |
|
|
|0 0
|1 0
|2 ddc
|4 0
|6 428_600000000000000_POR
|7 0
|9 20258
|a BRACUL
|b BRACUL
|c GEN
|d 2012-05-23
|e Karim International
|g 604.00
|l 2
|m 3
|o 428.6 POR
|p 3010025138
|r 2024-10-28
|s 2024-10-16
|t 1
|w 2012-05-23
|y BK
|x Transferred from BIL to BRACUL on 06/06/22
|